[Event "Schleswig Holstein-ch U18 VM"]
[Site "Neumuenster"]
[Date "2008.03.30"]
[Round "9"]
[White "Simmen, Steffen"]
[Black "Schwanke, Enno"]
[Result "1-0"]
[WhiteElo "1536"]
[BlackElo "1364"]
[PlyCount "53"]
[EventDate "2008.03.24"]
[EventType "swiss"]
[EventRounds "9"]
[EventCountry "GER"]
[SourceTitle "EXT 2009"]
[Source "ChessBase"]
[SourceDate "2008.11.26"]
[SourceVersion "1"]
[SourceVersionDate "2008.11.26"]
[SourceQuality "1"]

1. e4 g6 2. d4 Bg7 3. Nf3 d6 4. c3 Nd7 5. Bc4 a6 6. Ng5 e6 7. Bxe6 fxe6 8. Nxe6 Qe7 9. Nxc7+ Kd8 10. Nxa8 Qxe4+ 11. Kf1 b5 12. Bg5+ Ngf6 13. Nd2 Qxa8 14. Qb3 d5 15. f3 h6 16. Bxf6+ Nxf6 17. Re1 Bb7 18. Qb4 Bf8 19. Qa5+ Kd7 20. Qb6 Be7 21. Nb3 Re8 22. Qe6+ Kd8 23. Qf7 g5 24. Rxe7 Rxe7 25. Qxf6 Qc8 26. Nc5 Ba8 27. Qf8+ 1-0

[Event "Schleswig Holstein-ch U18 VM"]
[Site "Neumuenster"]
[Date "2008.03.26"]
[Round "4"]
[White "Simmen, Steffen"]
[Black "Wilms, Yannick Noel"]
[Result "1-0"]
[WhiteElo "1536"]
[BlackElo "1630"]
[PlyCount "71"]
[EventDate "2008.03.24"]
[EventType "swiss"]
[EventRounds "9"]
[EventCountry "GER"]
[SourceTitle "EXT 2009"]
[Source "ChessBase"]
[SourceDate "2008.11.26"]
[SourceVersion "1"]
[SourceVersionDate "2008.11.26"]
[SourceQuality "1"]

1. e4 c5 2. c3 Nf6 3. e5 Nd5 4. Bc4 Nb6 5. Bb3 d6 6. Nf3 Nc6 7. e6 Bxe6 8. Bxe6 fxe6 9. Ng5 Qd7 10. Qf3 Ne5 11. Qh3 0-0-0 12. d4 h6 13. dxe5 Rg8 14. Qxe6 Qxe6 15. Nxe6 Re8 16. Bf4 Kd7 17. Nxf8+ Rgxf8 18. Bg3 Nc4 19. b3 Nxe5 20. Bxe5 dxe5 21. Nd2 Rd8 22. Rd1 Ke6 23. f3 b5 24. Ke2 c4 25. Ne4 Rc8 26. b4 Rc7 27. Rd2 Ra8 28. Rhd1 a5 29. Nc5+ Kf6 30. Rd8 Rxd8 31. Rxd8 axb4 32. cxb4 Ra7 33. Ne4+ Kf7 34. Rd2 Ke6 35. Nc3 Rb7 36. Rd5 1-0

[Event "Schleswig Holstein-ch U14 VM-A"]
[Site "Neumuenster"]
[Date "2005.03.20"]
[Round "3"]
[White "Simmen, Steffen"]
[Black "Fien, Derek"]
[Result "1-0"]
[WhiteElo "835"]
[BlackElo "975"]
[PlyCount "37"]
[EventDate "2005.03.19"]
[EventType "swiss"]
[EventRounds "9"]
[EventCountry "GER"]
[SourceTitle "EXT 2007"]
[Source "ChessBase"]
[SourceDate "2006.11.23"]
[SourceVersion "1"]
[SourceVersionDate "2006.11.23"]
[SourceQuality "1"]

1. e4 c5 2. Nf3 Nc6 3. d4 cxd4 4. Nxd4 g6 5. Bc4 Bg7 6. Ne2 Nf6 7. Nbc3 0-0 8. f4 d6 9. h3 e5 10. f5 gxf5 11. exf5 Bxf5 12. g4 Bg6 13. Bg5 Qd7 14. Qd2 Rfe8 15. 0-0-0 Rad8 16. Bd5 Rb8 17. Rhf1 Nxd5 18. Nxd5 Bf8 19. Nf6+ 1-0